000 01184nam a2200325Ia 4500
001 Z_6963
003 CHAP
005 20230421133838.0
008 220113s2016 xx 000 0 und d
010 _a170221
040 _cCHAP
090 _aTesis S267 2560
100 _aSantiago Hernández, Nancy
_9126763
245 _aProducción de leche de búfalo de agua en el trópico mexicano /
_cNancy Santiago Hernández
260 _aMéxico :
_bEl autor,
_c2016
300 _aCD
502 _aTesis (Maestro en Ciencias en Innovación Ganadera) -- UACh, 2016 \ Dirección: Gilberto Aranda Osorio; asesoría: J. Guadalupe García Muñiz y Nelson O. Huerta Leidenz
650 _aBúfalo
_9146420
650 _aPolinomios de legendre
_9146421
650 _aProducción y calidad de la lecheCurvas de lactancia
_9146422
700 _a García Muñiz, J. Guadalupe, asesor
_9146423
700 _a Huerta Leidenz, Nelson O., asesor
_9146424
700 _aAranda Osorio, Gilberto, director
_9142804
856 4 2 _uhttp://10.13.5.2/tesis/sist112789.pdf
_yDescargar PDF
901 _aTESIS S267 2560
902 _aM
910 _a2016
942 _c2
_2ddc
942 _c2
_2ddc
999 _c170221
_d170221